<?xml version="1.0" encoding="UTF-8"?>
<record
    xmlns:xsi="http://www.w3.org/2001/XMLSchema-instance"
    xsi:schemaLocation="http://www.loc.gov/MARC21/slim http://www.loc.gov/standards/marcxml/schema/MARC21slim.xsd"
    xmlns="http://www.loc.gov/MARC21/slim">

  <leader>00340nam a22001337a 4500</leader>
  <controlfield tag="008">260311b        |||||||| |||| 00| 0 eng d</controlfield>
  <datafield tag="020" ind1=" " ind2=" ">
    <subfield code="a">9789395736534</subfield>
  </datafield>
  <datafield tag="040" ind1=" " ind2=" ">
    <subfield code="a">03</subfield>
  </datafield>
  <datafield tag="100" ind1=" " ind2=" ">
    <subfield code="a">GANDHI , SAILAXMI</subfield>
  </datafield>
  <datafield tag="245" ind1=" " ind2=" ">
    <subfield code="a">BASIC AND APPLIED PSYCHOLOGY FOR NURSES</subfield>
  </datafield>
  <datafield tag="260" ind1=" " ind2=" ">
    <subfield code="a">WOLTERS KLUWER</subfield>
    <subfield code="b">R LAL MEERUT</subfield>
    <subfield code="c">11/3/26</subfield>
  </datafield>
  <datafield tag="300" ind1=" " ind2=" ">
    <subfield code="a">319</subfield>
  </datafield>
  <datafield tag="942" ind1=" " ind2=" ">
    <subfield code="c">02</subfield>
  </datafield>
  <datafield tag="999" ind1=" " ind2=" ">
    <subfield code="c">67145</subfield>
    <subfield code="d">67145</subfield>
  </datafield>
  <datafield tag="952" ind1=" " ind2=" ">
    <subfield code="0">0</subfield>
    <subfield code="1">0</subfield>
    <subfield code="2">ddc</subfield>
    <subfield code="4">0</subfield>
    <subfield code="7">0</subfield>
    <subfield code="9">565049</subfield>
    <subfield code="a">03</subfield>
    <subfield code="b">03</subfield>
    <subfield code="d">2026-03-11</subfield>
    <subfield code="e">R LAL MEERUT</subfield>
    <subfield code="g">659.00</subfield>
    <subfield code="l">0</subfield>
    <subfield code="p">03-B-7407</subfield>
    <subfield code="r">2026-03-11</subfield>
    <subfield code="w">2026-03-11</subfield>
    <subfield code="y">01</subfield>
  </datafield>
  <datafield tag="952" ind1=" " ind2=" ">
    <subfield code="0">0</subfield>
    <subfield code="1">0</subfield>
    <subfield code="2">ddc</subfield>
    <subfield code="4">0</subfield>
    <subfield code="7">0</subfield>
    <subfield code="9">565050</subfield>
    <subfield code="a">03</subfield>
    <subfield code="b">03</subfield>
    <subfield code="d">2026-03-11</subfield>
    <subfield code="e">R LAL MEERUT</subfield>
    <subfield code="g">659.00</subfield>
    <subfield code="l">0</subfield>
    <subfield code="p">03-B-7408</subfield>
    <subfield code="r">2026-03-11</subfield>
    <subfield code="w">2026-03-11</subfield>
    <subfield code="y">01</subfield>
  </datafield>
  <datafield tag="952" ind1=" " ind2=" ">
    <subfield code="0">0</subfield>
    <subfield code="1">0</subfield>
    <subfield code="2">ddc</subfield>
    <subfield code="4">0</subfield>
    <subfield code="7">0</subfield>
    <subfield code="9">565051</subfield>
    <subfield code="a">03</subfield>
    <subfield code="b">03</subfield>
    <subfield code="d">2026-03-11</subfield>
    <subfield code="e">R LAL MEERUT</subfield>
    <subfield code="g">659.00</subfield>
    <subfield code="l">0</subfield>
    <subfield code="p">03-B-7409</subfield>
    <subfield code="r">2026-03-11</subfield>
    <subfield code="w">2026-03-11</subfield>
    <subfield code="y">01</subfield>
  </datafield>
  <datafield tag="952" ind1=" " ind2=" ">
    <subfield code="0">0</subfield>
    <subfield code="1">0</subfield>
    <subfield code="2">ddc</subfield>
    <subfield code="4">0</subfield>
    <subfield code="7">0</subfield>
    <subfield code="9">565052</subfield>
    <subfield code="a">03</subfield>
    <subfield code="b">03</subfield>
    <subfield code="d">2026-03-11</subfield>
    <subfield code="e">R LAL MEERUT</subfield>
    <subfield code="g">659.00</subfield>
    <subfield code="l">0</subfield>
    <subfield code="p">03-B-7410</subfield>
    <subfield code="r">2026-03-11</subfield>
    <subfield code="w">2026-03-11</subfield>
    <subfield code="y">01</subfield>
  </datafield>
  <datafield tag="952" ind1=" " ind2=" ">
    <subfield code="0">0</subfield>
    <subfield code="1">0</subfield>
    <subfield code="2">ddc</subfield>
    <subfield code="4">0</subfield>
    <subfield code="7">0</subfield>
    <subfield code="9">565053</subfield>
    <subfield code="a">03</subfield>
    <subfield code="b">03</subfield>
    <subfield code="d">2026-03-11</subfield>
    <subfield code="e">R LAL MEERUT</subfield>
    <subfield code="g">659.00</subfield>
    <subfield code="l">0</subfield>
    <subfield code="p">03-B-7411</subfield>
    <subfield code="r">2026-03-11</subfield>
    <subfield code="w">2026-03-11</subfield>
    <subfield code="y">01</subfield>
  </datafield>
</record>
